000 01068nam a22003017a 4500
001 7205
003 FISKH
005 20250702135917.0
008 250702b cb ||||| |||| 00| 0 eng d
020 _a9780439408998
040 _aFISKH
_beng
_cFISKH
_dFISKH
050 _aPZ7.L272 I
082 _a813
100 _aLanier, Bob
_d(–2022)
245 _aHey Líl D! :
_bIt's all in the name /
_cBy Bob Lanier and Heather Goodyear ; Illustrated by Desire Grover
250 _aThis edition first published in 2003
260 _aNew York :
_bScholastic,
_c2003
300 _a83 pages :
_billustrations ;
_c20 cm
505 _aR
520 _a"Hey L'il D! why do they call you 'feet?' Because L'il Dobber has got some big feet! And the kids at school think it's funny to tease him about it. L'il Dobber doesn't like that at all ..."
521 8 _a780
_bLexile
521 8 _aR
_bRaz-Plus
650 _2Basketball
_aSports stories
650 _2Title I
_aReaders Workshop
700 _aGrover, Desire
_dillustrator
942 _2ddc
_cBK
_n0
999 _c7205
_d7205